LEADER 01452nam 2200397Ia 450 001 9910701429103321 005 20120417134157.0 035 $a(CKB)5470000002418789 035 $a(OCoLC)785903285 035 $a(EXLCZ)995470000002418789 100 $a20120417d2006 ua 0 101 0 $aeng 135 $aurbn||||||||| 181 $ctxt$2rdacontent 182 $cc$2rdamedia 183 $acr$2rdacarrier 200 00$aBenefits and costs of Clean Air Act$b[electronic resource] $eair quality modeling issues /$f[signed] Trudy Cameron and David T. Allen 210 1$aWashington, DC :$cU.S. Environmental Protection Agency, Office of the Administrator, Science Advisory Board,$d2006. 215 $a1 online resource (2 unnumbered pages) 300 $aNovember 29, 2006. 300 $a"EPA-COUNCIL-07-001." 517 $aBenefits and costs of Clean Air Act 606 $aAir$xPollution 606 $aEnvironmental risk assessment 615 0$aAir$xPollution. 615 0$aEnvironmental risk assessment. 701 $aCameron$b Trudy$01407667 701 $aAllen$b David T$0772606 712 02$aUnited States.$bEnvironmental Protection Agency.$bOffice of the Administrator. 712 02$aUnited States.$bEnvironmental Protection Agency.$bScience Advisory Board. 801 0$bGPO 801 1$bGPO 906 $aBOOK 912 $a9910701429103321 996 $aBenefits and costs of Clean Air Act$93489697 997 $aUNINA LEADER 01548nlm 22002894a 450 001 996716005703316 005 20260408095301.0 100 $a20151127d2004---- uy 0 101 0 $aeng 135 $adrcnu 200 1 $a<> new Andalucia and a way to the Orient$ethe American Southeast during the sixteenth century$fPaul E. Hoffman 210 1 $aBaton Rouge$cLouisiana State University Press$d2004. 215 $aTesto elettronico (PDF) (374 p.) 225 2 $aACLS Humanities E-Book 230 $aBase dati testuale 330 $aIl libro innovativo di Paul E. Hoffman si concentra su un'area trascurata della storia coloniale: il sud-est del Nord America durante il XVI secolo. Hoffman descrive le spedizioni nella regione, i tentativi di colonizzazione e le rivalità tra francesi, spagnoli e inglesi. Rivela come le aspettative degli esploratori, alimentate dalle leggende, si siano infrante di fronte alle difficoltà incontrate lungo la costa sudorientale. Primo libro a collegare i primi viaggi con le esplorazioni del XVI secolo e la successiva colonizzazione, l'opera di Hoffman rappresenta un'importante rivalutazione della storia coloniale del Sud 517 3 $aAmerican Southeast during the sixteenth century 606 0 $aEsploratori$2BNCF 676 $a910.92 700 1$aHOFFMAN,$bPaul E$0259880 712 02$aAmerican Council of Learned Societies,$4oth 801 0$aIT$bcba$cREICAT 912 $a996716005703316 959 $aEB 969 $aER 996 $aNew Andalucia and a way to the Orient$94558304 997 $aUNISA